On This Day: January 6th Quiz Stats

 Plays Quiz Updated Jan 6, 2018

Score 0/7 Timer 03:00
2 Plays Today
Question Answer Wrong Answers
This woman, best known for the philosophy of education that bears her name, opens her first school and daycare center for working class children in Rome, Italy.
1907
Maria Montessori
92.3%
Jane R. Martin
1.8%
Martha Nussbaum
3.6%
Amélie Rorty
2.2%
Mother Teresa arrives in this Indian city to begin her work among India’s poorest and most sick citizens.
1929
Calcutta
89.4%
Mumbai
7.6%
Hyderabad
0.9%
Raipur
1%
German geophysicist Alfred Wegener first presents his theory of continental ______.
1912
Drift
81.9%
Divide
12.5%
Lift
1.2%
Shelf
4%
In response to the 1973 ______ crisis, daylight saving time commences nearly four months early in the United States.
1974
Oil
77.2%
Suez
5.7%
Cuban Missile
9.7%
Labor
5.4%
This now defunct airline, at one time the largest international air carrier in the US, becomes the first commercial airline to offer a round-the-world ticket.
1947
Pan American
68.9%
Trans World
21.8%
Northwest
1.9%
Continental
5.6%
US President Franklin D. Roosevelt delivers his ______ speech in the State of the Union address, outlining fundamental rights everyone in the world ought to enjoy.
1941
Four Freedoms
51.1%
Fireside Chat
17%
Great Society
26.1%
Silent Majority
4.4%
The Crown of St. Stephen, the coronation crown used by the Kingdom of ______ for most of its existence, is returned from the United States, where it was held after WWII.
1978
Hungary
46.5%
Romania
25.4%
Finland
18.1%
Estonia
7.8%

You're not logged in!

Compare scores with friends on all Sporcle quizzes.
OR
Log In

Sporcle TV

Today on Sporcle TV


Watch our educational content, quiz creation guides, and fun videos on Sporcle TV.

Show Comments

Extras

Top Quizzes Today


Score Distribution

Your Account Isn't Verified!

In order to create a playlist on Sporcle, you need to verify the email address you used during registration. Go to your Sporcle Settings to finish the process.

Report this User

Report this user for behavior that violates our Community Guidelines.

Details: